Names in One-Word Movies - Statistics

General Stats
  • This quiz has been taken 37 times
    34 since last reset
  • The average score is 22 of 144
Answer Stats
Answer % Correct
Oppenheimer
57%
Jack
46%
Ali
43%
Barbie
43%
Cinderella
43%
Annie
36%
Babe
36%
Elizabeth
36%
Lincoln
36%
Michael
36%
Anna
32%
Lucy
32%
Elvis
29%
Frank
29%
Mulan
29%
Paul
29%
Ray
29%
Rocky
29%
Alexander
25%
Amélie
25%
Carrie
25%
Charly
25%
Coco
25%
Dave
25%
Judy
25%
Moana
25%
Oliver!
25%
Pocahontas
25%
Shrek
25%
Aladdin
21%
Alice
21%
Amadeus
21%
Arthur
21%
Bambi
21%
Capote
21%
Dracula
21%
JFK
21%
Rebecca
21%
Tár
21%
Andre
18%
Carol
18%
Che
18%
Cleopatra
18%
Cujo
18%
Diana
18%
Dumbo
18%
Emma
18%
Frankenstein
18%
Jackie
18%
Laura
18%
Lee
18%
Luca
18%
Noah
18%
Ted
18%
WALL-E
18%
Alfie
14%
Christine
14%
Elio
14%
Frances
14%
Frida
14%
Gandhi
14%
Hamlet
14%
Hercules
14%
Hoffa
14%
Hugo
14%
Julia
14%
Maria
14%
Marty
14%
Matilda
14%
Napoleon
14%
Pinocchio
14%
Rudy
14%
Thor
14%
Trumbo
14%
Wilson
14%
Wonka
14%
Anastasia
11%
Anora
11%
Beethoven
11%
Benji
11%
Borat
11%
Bugsy
11%
Chaplin
11%
Coraline
11%
Harriet
11%
Juno
11%
Lassie
11%
Lucas
11%
S1MONE
11%
Sabrina
11%
Shane
11%
Silkwood
11%
Tess
11%
Tommy
11%
Abigail
7%
Bobby
7%
Casanova
7%
Casper
7%
Creed
7%
Cruella
7%
Disraeli
7%
Garfield
7%
Gigi
7%
Gloria
7%
Golda
7%
Harvey
7%
Joy
7%
Lenny
7%
Logan
7%
Macbeth
7%
Marnie
7%
Martin
7%
Milk
7%
Nixon
7%
Othello
7%
Pollyanna
7%
Reagan
7%
Rosetta
7%
Salt
7%
Skippy
7%
Spencer
7%
Becket
4%
Caligula
4%
CHAPPiE
4%
Colette
4%
Diane
4%
Finch
4%
Gerry
4%
Gidget
4%
Gilda
4%
Heidi
4%
Hud
4%
Iris
4%
Rustin
4%
Serpico
4%
Shaft
4%
Sully
4%
Sylvia
4%
Till
4%
Willard
4%
Eileen
0%
Mank
0%
Norbit
0%
Patton
0%
No matching quizzes found
Score Distribution
Percent of People with Each Score
Percentile by Number Answered
Your Score History
You have not taken this quiz since the last reset